000 00437nam a22001817a 4500
003 MPLRDC
005 20220104184448.0
008 210129b ||||| |||| 00| 0 eng d
020 _a986-6404-10-8
082 _a496.5 HPL
100 _a黄珮璘编著
245 _a万能推销术
_c
250 _a初版
260 _a台湾
_b菁品文化事业有限公司
_c2009
300 _b
650 _a销售
942 _cBK
_o496.5 HPL
999 _c62874
_d62864